| 000 | 01835nam a2200409 c 4500 | ||
|---|---|---|---|
| 003 | BLK | ||
| 005 | 20250426143246.0 | ||
| 008 | 180411b bul|||||r ||||||| ||bul|| | ||
| 010 | _aKNG00202906000 | ||
| 020 |
_a978-954-28-2229-5 _bиздат.: Deja Book - (Сиела Норма) |
||
| 040 | _aBLK | ||
| 041 |
_aBUL _cBUL |
||
| 072 | 7 |
_2bullib _aН83 _xЧужда художествена литература Н |
|
| 080 |
_aНемска литература _b821.112.2 _x-93-34 _z821.112.2-93-34 |
||
| 080 |
_aНемска литература _b821.112.2 _x-34 _z821.112.2-34 |
||
| 700 | 1 |
_aБратя Грим _e* _9368076 |
|
| 100 |
_aГрим, Вилхелм _d1786 - 1859 _9363315 |
||
| 700 |
_aГрим, Якоб _d1785 - 1863 _9363316 |
||
| 700 | 1 |
_aГанев, Слави _eпрев. от нем. _9383519 |
|
| 700 | 1 |
_aРакъм, Артър _eил. _9115008 |
|
| 700 | 1 |
_aГрим, Лудвиг Емил _eил. _9346352 |
|
| 139 |
_aГрим, Вилхелм и др. _bГ 83 |
||
| 245 | 1 | 0 |
_aДетски и домашни приказки _bСъбрани от Братя Грим _c* Братя Грим; Вилхелм Грим; съавт. Якоб Грим; прев. от нем. Слави Ганев; ил. Артър Ракъм; ил. Лудвиг Емил Грим. |
| 257 | _aDEU | ||
| 260 |
_аСофия _bDeja Book _c2016 _fВ. Търново : Абагар |
||
| 300 |
_a832 с. _bс ил. _c22 см |
||
| 380 | _aDX | ||
| 500 | _aПрев. по Kinder- und Hausmarchen / Bruder Grimm в 2 т. - 1812, 1815. | ||
| 653 | _aприказки | ||
| 659 | _aН | ||
| 852 | _aЦб 284559 | ||
| 856 | 4 |
_qpdf _u |
|
| 856 | 4 |
_qpdf _u |
|
| 942 |
_cKNG _n0 _040 |
||
| 944 |
_aCR _c14.03.2017 _lВаля Йорданова _k30558 |
||
| 944 |
_aED _c16.03.2017 _lф / _kЛюдмила_Стоянова |
||
| 999 |
_c193684 _d193684 |
||